Statistiche per Nazionalità dei turisti in Italia

Clicka qui per fare il quiz!

Statistiche generali

  • Questo quiz è stato fatto 2.179 volte
  • Il punteggio medio è 12 su 15

Statistiche sulle risposte

#ArriviPaese% Corretto
34,3Francia
98%
110,9Germania
96%
24,5Stati Uniti
93%
91,8Spagna
92%
43,3Cina
91%
131,1Giappone
86%
111,2Russia
83%
53,3Regno Unito
80%
62,7Svizzera
76%
72,3Austria
75%
81,9Paesi Bassi
62%
121,2Belgio
58%
101,2Polonia
56%
150,9Brasile
53%
140,9Australia
52%

Distribuzione punteggi

Percentile per numero di risposta

Percentuale di utenti per punteggio

I tuoi punteggi nel tempo

Non hai fatto questo quiz